[Event "IV Open"]
[Site "Calvia ESP"]
[Date "2007.10.15"]
[Round "1"]
[White "Skage,O"]
[Black "Arakhamia,K"]
[Result "0-1"]
[WhiteElo "1956"]
[BlackElo "2432"]

1.e4 c5 2.Nf3 e6 3.d4 cxd4 4.Nxd4 Nc6 5.Nc3 d6 6.Be3 Nf6 7.Be2 Be7 8.a3 O-O
9.g4 d5 10.Nxc6 bxc6 11.e5 Nd7 12.Bf4 f6 13.exf6 Bxf6 14.Bg3 Qb6 15.Na4 Qa5+
16.c3 e5 17.b4 Qd8 18.h4 a5 19.g5 Be7 20.Bg4 Ba6 21.Be6+ Kh8 22.Qg4 Ra7 23.Bxd7 Rxd7
24.Bxe5 Bd6 25.f4 Re7 26.O-O-O axb4 27.axb4 Bxe5 28.fxe5 Rxe5 29.Rhe1 Rxe1
30.Rxe1 Bb5 31.Nb2 c5 32.bxc5 Qa5 33.Kc2 Rf2+ 34.Kb3 Bc4+ 35.Nxc4 dxc4+ 36.Kxc4 Qa4+
37.Kd3 Qc2+ 38.Kc4 Qa2+ 39.Kb5 Rb2+ 40.Kc6 Qa8+ 41.Kd6 Rd2+ 42.Ke5 Qd5+ 43.Kf4 Rf2+  0-1

[Event "WJun"]
[Site "Yerevan ARM"]
[Date "2007.10.15"]
[Round "12"]
[White "Rohit,G"]
[Black "Romanov,E"]
[Result "0-1"]
[WhiteElo "2491"]
[BlackElo "2515"]

1.e4 c5 2.Nf3 e6 3.d4 cxd4 4.Nxd4 Nc6 5.Nc3 Qc7 6.Be3 a6 7.Qd2 Nf6 8.O-O-O Be7
9.f3 O-O 10.g4 Rd8 11.g5 Nh5 12.Nb3 b5 13.Kb1 Ne5 14.Qf2 Rb8 15.Be2 Nc4 16.Bxc4 bxc4
17.Nc5 d6 18.N5a4 Qc6 19.b3 Bd7 20.Ka1 Qb7 21.Nb6 cxb3 22.cxb3 Bc6 23.Rhe1 d5
24.exd5 exd5 25.Nca4 g6 26.Bd4 Bxg5 27.Nc5 Qxb6 28.Re5 Bf6 29.Rxh5 Qxc5  0-1

[Event "WJun"]
[Site "Yerevan ARM"]
[Date "2007.10.15"]
[Round "12"]
[White "Corrales Jimenez,F"]
[Black "Laznicka,V"]
[Result "1-0"]
[WhiteElo "2513"]
[BlackElo "2610"]

1.e4 c5 2.Nf3 e6 3.d4 cxd4 4.Nxd4 Nc6 5.Nc3 Qc7 6.Be2 a6 7.O-O Nf6 8.Be3 Be7
9.f4 d6 10.a4 O-O 11.Bf3 Na5 12.Bf2 Re8 13.Re1 Nd7 14.Qe2 Bf8 15.Kh1 Rb8
16.Rad1 b6 17.e5 dxe5 18.fxe5 Bb7 19.Bg3 Rbd8 20.Bxb7 Qxb7 21.Ne4 Nc5 22.Nd6 Bxd6
23.exd6 Nc6 24.c3 Rd7 25.Qg4 Nxd4 26.Rxd4 f5 27.Qh5 Red8 28.Re5 g6 29.Qe2 Kf7
30.h3 Qc6 31.Bh4 Re8 32.Bg3 Ne4 33.Rexe4 fxe4 34.Rc4 Qd5 35.Rxe4 Kg8 36.c4 Qh5
37.Qe1 Rf7 38.Kh2 Ref8 39.Rh4 Qc5 40.b4 Qc6 41.Qxe6 Re8 42.Qg4 Qxa4 43.Qg5 Qd1
44.Rf4 Rxf4 45.Bxf4 Re1 46.Bd2 Rh1+ 47.Kg3 Qb3+ 48.Be3 Qd3 49.Qd8+ Kf7 50.Qe7+ Kg8
51.Qe6+ Kg7 52.Kh4 h5 53.Qe5+ Kf7 54.Qe7+ Kg8 55.Qe6+ Kg7 56.Bf4 Rg1 57.Qe7+ Kg8
58.Qe8+  1-0

[Event "WJun Girls"]
[Site "Yerevan ARM"]
[Date "2007.10.15"]
[Round "12"]
[White "Vega Gutierrez,S"]
[Black "Pertlova,S"]
[Result "1-0"]
[WhiteElo "2331"]
[BlackElo "2169"]

1.e4 c5 2.Nf3 e6 3.d4 cxd4 4.Nxd4 Nc6 5.Nc3 a6 6.Be2 Nf6 7.Nxc6 bxc6 8.e5 Nd5
9.Ne4 f5 10.exf6 Nxf6 11.Nd6+ Bxd6 12.Qxd6 Qe7 13.Bf4 Qxd6 14.Bxd6 Ne4 15.Ba3 d5
16.f3 Nf6 17.f4 Kf7 18.Bf3 Re8 19.Bd6 Bb7 20.c4 c5 21.Rc1 Rac8 22.O-O Red8
23.cxd5 Bxd5 24.Bxd5 Rxd6 25.Bb3 g6 26.f5 gxf5 27.Rxf5 c4 28.Rxc4 exf5 29.Rxc8+ Kg6
30.h3 Kg5 31.Bc2 Kf4 32.Rc4+ Ne4 33.Kf1 Ke3 34.Ke1 Rg6 35.g4 Nd6 36.Rc3+ Kf4
37.gxf5 Rg8 38.Kf2 Ne4+ 39.Bxe4 Kxe4 40.f6 Rb8 41.b3 Rb7 42.Re3+ Kd5 43.Rf3 Rf7
44.Ke3 Ke5 45.b4 Kd5 46.Rf5+ Ke6 47.Ke4 Kd7 48.Rd5+ Ke8 49.Ke5 Rb7 50.Ke6 a5
51.bxa5  1-0

[Event "Blindfold World Cup"]
[Site "Bilbao ESP"]
[Date "2007.10.16"]
[Round "1"]
[White "Topalov,V"]
[Black "Polgar,Ju"]
[Result "1-0"]
[WhiteElo "2769"]
[BlackElo "2708"]

1.e4 c5 2.Nc3 Nc6 3.Nf3 e6 4.d4 cxd4 5.Nxd4 a6 6.Nxc6 bxc6 7.e5 Qc7 8.Qe2 a5
9.f4 d5 10.exd6 Bxd6 11.Ne4 Bxf4 12.Bxf4 Qxf4 13.g3 Qe5 14.O-O-O Ke7 15.Qf3 Nf6
16.Qa3+ c5 17.Nxc5 Nd5 18.Bg2 Nb4 19.Nd3 Qe3+ 20.Kb1 Rb8 21.Rhe1 Qb6 22.c3 Ba6
23.Ne5 Rhd8 24.cxb4  1-0

[Event "FSGM October"]
[Site "Budapest HUN"]
[Date "2007.10.16"]
[Round "11"]
[White "Szabo,Krisz1"]
[Black "Bui Vinh"]
[Result "1/2-1/2"]
[WhiteElo "2492"]
[BlackElo "2461"]

1.e4 c5 2.Nf3 e6 3.d4 cxd4 4.Nxd4 Nc6 5.Nc3 a6 6.Nxc6 bxc6 7.Bd3 d5 8.O-O Nf6
9.Qe2 Bb7 10.b3 Be7 11.Bb2 O-O 12.Na4 c5 13.e5 Nd7 14.c4 d4 15.f4 Nb6 16.Nxb6 Qxb6
17.Rae1 g6 18.Bc2  1/2-1/2

[Event "IV Open"]
[Site "Calvia ESP"]
[Date "2007.10.16"]
[Round "2"]
[White "Thollin,R"]
[Black "Ruiz Vinals,M"]
[Result "0-1"]
[WhiteElo "1964"]
[BlackElo "2164"]

1.e4 c5 2.Nc3 e6 3.Nf3 Nc6 4.d4 cxd4 5.Nxd4 Qc7 6.Be3 a6 7.Bd3 Nf6 8.O-O Ne5
9.f3 Bc5 10.Qe2 b5 11.Nb3 Bxe3+ 12.Qxe3 O-O 13.a4 b4 14.Ne2 d6 15.f4 Nc4
16.Qd4 Nb6 17.a5 Nbd7 18.Qxb4 Bb7 19.Ng3 Rfc8 20.Kh1 Rab8 21.Qd2 h5 22.Qe2 h4
23.Nh5 Nxh5 24.Qxh5 Nf6 25.Qe2 d5 26.e5 Ne4 27.c3 Bc6 28.Nd4 Bb7 29.Rfb1 Nc5
30.Kg1 Qe7 31.Rc1 Rc7 32.h3 Bc8 33.b4 Nxd3 34.Qxd3 Rc4 35.Qe3 Bd7 36.Rab1 Rbc8
37.Nb3 Re4 38.Qf2 g5 39.fxg5 Qxg5 40.Nc5 Rf4 41.Qe1 Bb5 42.c4 Bxc4 43.Qc3 Kh8
44.Rb2 Rg8 45.Re1 Qf5 46.Kh2 Rg3 47.Qc2 Qg5 48.Nd7 Rxh3+ 49.gxh3 Qg3+ 50.Kh1 Qxe1+  0-1

[Event "IV Open"]
[Site "Calvia ESP"]
[Date "2007.10.16"]
[Round "2"]
[White "Tofte,S"]
[Black "Mollet,R"]
[Result "1-0"]
[WhiteElo "2107"]
[BlackElo "1874"]

1.e4 c5 2.Nf3 Nc6 3.d4 cxd4 4.Nxd4 e6 5.Nc3 Bc5 6.Nb3 Bb6 7.Bf4 Nge7 8.Bc4 O-O
9.O-O f5 10.Bd6 fxe4 11.Nxe4 Rf5 12.Qg4 Kh8 13.Rad1 Ne5 14.Bxe5 Rxe5 15.Nd6 Qf8
16.Nd4 Nd5 17.Nf3 Qxd6 18.Nxe5 Qxe5 19.Bxd5 exd5 20.Rde1 h5 21.Qg6 Bxf2+
22.Kxf2 Qd4+ 23.Kg3 h4+ 24.Kf3 Qf4+ 25.Kxf4  1-0

[Event "Open"]
[Site "Hoogeveen NED"]
[Date "2007.10.16"]
[Round "5"]
[White "Smeets,J"]
[Black "Humphrey,J"]
[Result "1-0"]
[WhiteElo "2558"]
[BlackElo "2284"]

1.e4 c5 2.Nf3 e6 3.d4 cxd4 4.Nxd4 Nc6 5.Nc3 Qc7 6.Be3 a6 7.Qd2 Nf6 8.f3 Ne5
9.g4 h6 10.h4 Ng6 11.O-O-O Bb4 12.Bd3 b5 13.Kb1 Be7 14.Qf2 Bb7 15.Nce2 Ne5
16.g5 Nh5 17.Nb3 Rc8 18.Bb6 Nxd3 19.cxd3 Qc2+ 20.Ka1 hxg5 21.Rd2 Qc6 22.Na5  1-0

[Event "TCh-ROU Superliga"]
[Site "Predeal ROU"]
[Date "2007.10.16"]
[Round "4"]
[White "Iordachescu,V"]
[Black "Solak,D"]
[Result "0-1"]
[WhiteElo "2567"]
[BlackElo "2568"]

1.e4 c5 2.Nf3 e6 3.Nc3 Nc6 4.d4 cxd4 5.Nxd4 Nf6 6.Ndb5 Bc5 7.Bf4 O-O 8.Bd6 Bxd6
9.Nxd6 Ne8 10.Nxe8 Rxe8 11.Qd6 Qb6 12.Nb5 Rf8 13.O-O-O Qxf2 14.Nc7 Rb8 15.Bb5 Qb6
16.Rhf1 a6 17.Be2 Qe3+ 18.Rd2 b5 19.Nd5 exd5 20.exd5 Nd4 21.Qxb8 Nxe2+ 22.Kd1 d6  0-1

[Event "IV Open"]
[Site "Calvia ESP"]
[Date "2007.10.17"]
[Round "3"]
[White "Galiana,J"]
[Black "Damljanovic,B"]
[Result "0-1"]
[WhiteElo "2252"]
[BlackElo "2608"]

1.e4 c5 2.Nf3 e6 3.d4 cxd4 4.Nxd4 Nc6 5.Nc3 Qc7 6.Nb3 a6 7.Bd3 Nf6 8.Bd2 b5
9.a4 b4 10.Ne2 Bb7 11.a5 Ne5 12.Bf4 Bd6 13.Be3 Nxe4 14.Bb6 Qb8 15.f3 Nf6
16.Ned4 O-O 17.Qd2 Rc8 18.Ne2 Bxf3 19.O-O Bxe2 20.Bxe2 Ne4 21.Qe3 f5 22.h3 Nc4  0-1

[Event "IV Open"]
[Site "Calvia ESP"]
[Date "2007.10.18"]
[Round "4"]
[White "Ehsan,A"]
[Black "Cornette,M"]
[Result "0-1"]
[WhiteElo "2280"]
[BlackElo "2494"]

1.e4 c5 2.Nf3 e6 3.d4 cxd4 4.Nxd4 Nc6 5.Nc3 Qc7 6.g3 a6 7.Bg2 h5 8.h3 Nf6
9.O-O Bc5 10.Be3 Ne5 11.Qe2 Ng6 12.Qc4 d6 13.a4 Bd7 14.f4 e5 15.fxe5 Nxe5
16.Qe2 Qb6 17.Rxf6 Qxb2 18.Rd1 Qxc3 19.Rff1 Bxa4 20.Nf5 Bb5 21.Qe1 Bxe3+
22.Nxe3 Qc5 23.Rf2 f6 24.Kh1 O-O-O 25.c4 Bc6 26.Qc3 Kb8 27.Ra2 Rhe8 28.Rb1 Bb5
29.Bf1 Rc8 30.Ra5 Qc6 31.Qd4 Nxc4 32.Nxc4 Bxc4 33.Bg2 Bb5 34.Kh2 Re5 35.Rd1 Qc4
36.Qd2 Rc6 37.Raa1 g5  0-1

[Event "IV Open"]
[Site "Calvia ESP"]
[Date "2007.10.19"]
[Round "5"]
[White "Caspi,I"]
[Black "Drazic,S"]
[Result "1/2-1/2"]
[WhiteElo "2377"]
[BlackElo "2493"]

1.e4 e6 2.d4 c5 3.Nf3 cxd4 4.Nxd4 Nc6 5.Nc3 d6 6.Be3 Bd7 7.Ndb5 Qb8 8.Bf4 Ne5
9.Qd4 a6 10.Rd1 axb5 11.Bxe5 f6 12.Bxd6 Bxd6 13.Qxd6 Qxd6 14.Rxd6 b4 15.Bb5 Bxb5
16.Nxb5 Rxa2 17.Kd2 Ne7 18.Nc7+ Kf7 19.Nxe6 Nc6 20.Nc5 Ne5 21.Rd4 Rxb2 22.Ra1 b3
23.Nxb3 Rc8 24.Rc1 g5 25.Rd5 b6 26.Nd4 Ra2 27.Rb1 Rc7 28.Kd1 Nc4 29.Nb5 Ne3+
30.fxe3 Rcxc2 31.Rf5 Rxg2 32.Ke1 Rge2+ 33.Kf1 Rxh2 34.Kg1 Rhg2+ 35.Kh1 Rh2+
36.Kg1 Rag2+ 37.Kf1 Rd2 38.Kg1 Rhg2+ 39.Kh1 Rh2+ 40.Kg1  1/2-1/2

[Event "IV Open"]
[Site "Calvia ESP"]
[Date "2007.10.19"]
[Round "5"]
[White "Martin Sanchez,E"]
[Black "Pogorelov,R"]
[Result "0-1"]
[WhiteElo "2039"]
[BlackElo "2411"]

1.e4 c5 2.Nf3 e6 3.d4 cxd4 4.Nxd4 Nc6 5.Nc3 Qc7 6.Be3 a6 7.Be2 Nf6 8.O-O Bb4
9.Nxc6 bxc6 10.Na4 O-O 11.Bd3 d5 12.Bb6 Qb8 13.exd5 cxd5 14.f4 Be7 15.Bd4 Qd6
16.Nb6 Rb8 17.Nxc8 Rbxc8 18.g4 Qc6 19.g5 Bc5 20.c3 Bxd4+ 21.cxd4 Ne4 22.Re1 Nd6
23.Bxh7+ Kxh7 24.Qh5+ Kg8 25.Rxe6 fxe6 26.g6 Rxf4 27.Qh7+ Kf8 28.Qh8+ Ke7
29.Qxg7+ Nf7 30.gxf7 Rxf7  0-1

[Event "IV Open"]
[Site "Calvia ESP"]
[Date "2007.10.19"]
[Round "5"]
[White "Carlsson,P"]
[Black "Damljanovic,B"]
[Result "1/2-1/2"]
[WhiteElo "2481"]
[BlackElo "2608"]

1.e4 c5 2.Nf3 e6 3.d4 cxd4 4.Nxd4 Nc6 5.Nc3 Qc7 6.Be2 Nf6 7.O-O Be7 8.Be3 O-O
9.f4 d6 10.Kh1 Re8 11.Qe1 Nxd4 12.Bxd4 e5 13.Be3 Bd7 14.fxe5 dxe5 15.Qg3 Be6
16.Bh6 g6 17.Bg5 Nd7 18.Bb5 Bxg5 19.Qxg5 f6 20.Qh4 Bc4 21.Bxd7 Qxd7 22.Rxf6 Rad8
23.b3 Qd2 24.Qg3 Bd3 25.cxd3 Qxc3 26.Raf1 Qxd3 27.Rxg6+ hxg6 28.Qxg6+ Kh8
29.Qh6+ Kg8 30.Qg5+ Kh8 31.Qh5+ Kg8 32.Qg4+ Kh8 33.Qh4+ Kg8 34.Qg5+ Kh8  1/2-1/2

[Event "Open"]
[Site "Hoogeveen NED"]
[Date "2007.10.19"]
[Round "8"]
[White "Vedder,H"]
[Black "Peng Zhaoqin"]
[Result "1/2-1/2"]
[WhiteElo "2364"]
[BlackElo "2419"]

1.e4 c5 2.Nf3 e6 3.Nc3 Nc6 4.d4 cxd4 5.Nxd4 Qc7 6.Be3 a6 7.Be2 b5 8.O-O Bb7
9.f4 Bc5 10.Qd2 Nf6 11.Nb3 Bxe3+ 12.Qxe3 d6 13.Rad1 O-O 14.Rd2 Ne7 15.Bd3 b4
16.Ne2 a5 17.Kh1 e5 18.Ng3 a4 19.Nc1 d5 20.exd5 exf4 21.Qxf4 Qxf4 22.Rxf4 Nexd5
23.Rd4 Rfe8 24.Nce2 b3 25.cxb3 axb3 26.a3 Ne3 27.Ng1 h5 28.Nf3 Rac8 29.h3 g6
30.Bb5 Rc1+ 31.Kh2 Re7 32.a4 Ra1 33.Rf4 Kg7 34.Rb4 Nfd5 35.Rxb3 Nf4 36.Nh4 Bd5
37.Rxe3 Rxe3 38.Nhf5+ gxf5 39.Nxf5+ Kf6 40.Nxe3 Bb3 41.g3 Ne6 42.Rf2+ Ke5
43.Rxf7 Nd4 44.Re7+ Be6 45.Bc4 Kd6 46.Rh7 Re1 47.Bxe6 Kxe6 48.Rh6+ Ke5 49.Nc4+ Kd5
50.b3 Re2+ 51.Kg1 Nxb3 52.Nb6+ Kc5 53.Nd7+ Kd4 54.Rxh5 Nd2 55.Nf6 Nf3+ 56.Kf1 Ra2
57.Rf5 Nd2+ 58.Ke1 Nc4 59.h4 Ne3 60.Rb5 Ng2+ 61.Kd1 Ne3+ 62.Kc1 Rxa4 63.h5 Ra6
64.Ng4 Nxg4 65.Rb4+ Kc3 66.Rb8  1/2-1/2

[Event "ch-ISL Rapid"]
[Site "Reykjavik ISL"]
[Date "2007.10.19"]
[Round "3.1"]
[White "Lagerman,R"]
[Black "Stefansson,H"]
[Result "0-1"]
[WhiteElo "2346"]
[BlackElo "2574"]

1.e4 c5 2.Nf3 Nc6 3.d4 cxd4 4.Nxd4 e6 5.Nc3 Qc7 6.g3 a6 7.Bg2 Nf6 8.O-O d6
9.a4 Be7 10.b3 O-O 11.Bb2 Bd7 12.Nce2 e5 13.Nxc6 bxc6 14.h3 d5 15.exd5 cxd5
16.f4 Bc5+ 17.Kh2 Qb6 18.fxe5 Ng4+ 19.Kh1 Ne3 20.Qd2 Qg6 21.Rf3 Nxg2 22.Kxg2 Bf5
23.Nf4 Qh6 24.Qxd5 Rac8 25.Rd1 Be7 26.Rc3 Rcd8 27.Qf3 Rxd1 28.Qxd1 Rd8 29.Qe2 Bg5
30.e6 fxe6 31.Rc7 Bxf4 32.gxf4 Qxf4 33.Rxg7+ Kf8 34.Bc3 Rc8 35.Rg3 Be4+  0-1

[Event "IV Open"]
[Site "Calvia ESP"]
[Date "2007.10.20"]
[Round "6"]
[White "Manik,M"]
[Black "Del Rio Angelis,S"]
[Result "1-0"]
[WhiteElo "2420"]
[BlackElo "2512"]

1.e4 c5 2.Nf3 e6 3.d4 cxd4 4.Nxd4 Nc6 5.Nc3 d6 6.Be3 Nf6 7.f3 Be7 8.Qd2 a6
9.O-O-O O-O 10.g4 Nd7 11.Kb1 Nde5 12.Qg2 Qc7 13.g5 Nxd4 14.Bxd4 b5 15.f4 Nc6
16.Bf6 Bb7 17.Bd3 Nb4 18.Rhe1 Rfc8 19.Bxe7 Qxe7 20.Qd2 Rc5 21.a3 Nxd3 22.Qxd3 Rd8
23.e5 Rd7 24.exd6 Qd8 25.Qe3 Rf5 26.Ne4 Bxe4 27.Qxe4 g6 28.Qc6 Rxf4 29.Re5 Ra7
30.Rc5 Qd7 31.Qb6 Kg7 32.Rc7 Rxc7 33.Qxc7 Qxc7 34.dxc7 Rc4 35.Rd7 h6 36.h4 hxg5
37.hxg5 a5 38.Kc1 b4 39.axb4 axb4 40.Kd2 e5 41.Kd3 Rc5 42.c4  1-0

[Event "TCh-FIN 2007-8"]
[Site "Finland FIN"]
[Date "2007.10.20"]
[Round "3"]
[White "Soppela,J"]
[Black "Penttinen,J"]
[Result "1/2-1/2"]
[WhiteElo "2161"]
[BlackElo "2315"]

1.e4 c5 2.Nc3 e6 3.Nf3 Nc6 4.d4 cxd4 5.Nxd4 Nf6 6.Nxc6 bxc6 7.e5 Nd5 8.Ne4 Qc7
9.f4 Ba6 10.c4 Bb4+ 11.Kf2 Qb6+ 12.Kf3 f5 13.exf6 Nxf6 14.Be3 Qa5 15.Nxf6+ gxf6
16.a3  1/2-1/2

[Event "Bundesliga 2007-8"]
[Site "Hamburg GER"]
[Date "2007.10.20"]
[Round "1"]
[White "Mueller,Kar"]
[Black "Ribli,Z"]
[Result "1/2-1/2"]
[WhiteElo "2515"]
[BlackElo "2577"]

1.e4 c5 2.Nf3 e6 3.d4 cxd4 4.Nxd4 Nc6 5.Nc3 Qc7 6.Be3 a6 7.Bd3 Nf6 8.O-O Ne5
9.Nf3 Neg4 10.Bd2 d6 11.a4 b6 12.Qe2 Be7 13.h3 Ne5 14.Nd4 O-O 15.f4 Nxd3
16.cxd3 e5 17.Nc2 Be6 18.Rac1 exf4 19.Bxf4 Qb7 20.Nd4 Rac8 21.Bg5 Rfe8 22.Nf5 Bxf5
23.Rxf5 Rc5 24.Rcf1 Bd8 25.Be3 Rxf5 26.Rxf5 g6 27.Rf2 b5 28.axb5 axb5 29.Bd4 b4
30.Bxf6 bxc3 31.bxc3 Bxf6 32.Rxf6 d5 33.Rf4 Qa7+ 34.Qf2 Qa1+ 35.Kh2 dxe4
36.Rxf7 Qxc3 37.dxe4 Rxe4 38.Rf8+ Kg7 39.Rf7+ Kg8 40.Rf8+  1/2-1/2

[Event "TCh-ROU Superliga"]
[Site "Predeal ROU"]
[Date "2007.10.20"]
[Round "8"]
[White "Muresan,R"]
[Black "Filip,L"]
[Result "0-1"]
[WhiteElo "2147"]
[BlackElo "2432"]

1.e4 c5 2.d4 cxd4 3.Nf3 e6 4.Nxd4 Nc6 5.Nc3 Qc7 6.g3 a6 7.Bg2 Nf6 8.O-O Nxd4
9.Qxd4 Bc5 10.Qd3 Ng4 11.Bf4 Ne5 12.Bxe5 Qxe5 13.Rad1 Qc7 14.e5 O-O 15.Rfe1 Rd8
16.Qe2 Rb8 17.Qh5 Be7 18.Rd4 d5 19.exd6 Rxd6 20.Rxd6 Bxd6 21.Ne4 Bf8 22.Ng5 h6
23.Nxf7 Qxf7 24.Qe5 Ra8 25.Rd1 Be7 26.Be4 Bf6 27.Qa5 Qe7 28.Qh5 Bd7 29.Qg6 Be8
30.Qh7+ Kf8 31.Qh8+ Kf7 32.Qh7 Qc7 33.Bg6+ Ke7 34.Be4 Rd8 35.Re1 Rd2 36.Re3 Bc6
37.h4 Bxe4 38.Qxe4 Rd1+ 39.Kg2 Qc6 40.Qxc6 bxc6 41.Ra3 Bxb2 42.Rxa6 Kd6 43.Ra8 Bf6
44.a4 Rd2 45.c4 Kc5 46.a5 Bd4 47.a6 Rxf2+ 48.Kh3 Ra2 49.a7 Kxc4 50.Rc8 Rxa7
51.Rxc6+ Kd5  0-1

[Event "Bundesliga 2007-8"]
[Site "Remagen GER"]
[Date "2007.10.20"]
[Round "1"]
[White "Lutz,Ch"]
[Black "Laznicka,V"]
[Result "1/2-1/2"]
[WhiteElo "2588"]
[BlackElo "2610"]

1.e4 c5 2.Nf3 e6 3.d4 cxd4 4.Nxd4 Nc6 5.Nc3 a6 6.Be3 Nf6 7.f4 Bb4 8.Bd3 d6
9.Nxc6 bxc6 10.O-O e5 11.h3 O-O 12.Qf3 exf4 13.Bxf4 Nd7 14.Qg3 Qe7 15.Kh1 Bxc3
16.bxc3 Ne5 17.Rab1 Qc7 18.Qe3 Be6 19.Qb6 Rfc8 20.a4 a5 21.Rfd1 Qxb6 22.Rxb6 Nd7
23.Rb2 Nc5 24.Ra1 d5 25.exd5 cxd5 26.Be5 Ne4 27.Ra3 Nd2 28.Rb5 Nc4 29.Bxc4 dxc4
30.Bd4 Bd7 31.Rg5 g6 32.Kg1 Bf5 33.Ra1 Rab8 34.Re1 Re8 35.Rxe8+ Rxe8 36.Bb6 Re5
37.Rg3 Be4 38.Re3 f5 39.Re1 Rd5 40.Bd4 Kf7 41.Kf2 Ke6 42.Rb1 Bxc2 43.Rb6+ Kd7
44.Rb7+ Kc8 45.Rxh7 Bxa4 46.Rg7 Be8 47.Re7 Bb5 48.Re5 Rxe5 49.Bxe5 Kd7 50.Bf4 a4
51.Bc1 Ke6 52.h4 Ke5 53.g3 Ke4 54.Ke2 Bc6 55.Ba3 Bb5  1/2-1/2

[Event "Bundesliga 2007-8"]
[Site "Wattenscheid GER"]
[Date "2007.10.21"]
[Round "2"]
[White "Czarnota,P"]
[Black "Firman,N"]
[Result "1-0"]
[WhiteElo "2554"]
[BlackElo "2526"]

1.e4 c5 2.Nf3 e6 3.d4 cxd4 4.Nxd4 Nc6 5.Nc3 a6 6.Be2 Qc7 7.O-O b5 8.Nxc6 dxc6
9.f4 Bb7 10.Bf3 e5 11.fxe5 Qxe5 12.g3 Bb4 13.Bf4 Qc5+ 14.Kh1 Rd8 15.Qe2 Ne7
16.Nd1 Qb6 17.Nf2 Ng6 18.Nd3 Nxf4 19.gxf4 Be7 20.Qg2 O-O 21.f5 Rxd3 22.cxd3 Bf6
23.e5 Bxe5 24.Rac1 Qd4 25.Bxc6 Bxc6 26.Rxc6 Qxd3 27.Rxa6 Bxb2 28.Ra8 Ba3
29.f6 g6 30.Rxf8+ Bxf8 31.Qf3 Qd2 32.Rf2 Qc1+ 33.Kg2 Qg5+ 34.Qg3 Qd5+ 35.Qf3 Qg5+
36.Kh1 Qc1+ 37.Rf1 Qd2 38.Qa8 Qd4 39.Qc6 Qb2 40.Qd5 b4 41.Kg1 Qc3 42.Kg2 Qb2+
43.Rf2 Qc3 44.Qe4 b3 45.Qf3 Qxf3+ 46.Kxf3 Bc5 47.axb3 Bxf2 48.Kxf2 Kf8 49.Ke3 Ke8
50.Ke4 Kd7 51.Ke5 h6 52.b4 Kc7 53.b5 Kd7 54.b6 h5 55.b7 Kc7 56.b8=Q+  1-0

[Event "Bundesliga 2007-8"]
[Site "Wattenscheid GER"]
[Date "2007.10.21"]
[Round "2"]
[White "Naumann,A"]
[Black "Potkin,V"]
[Result "1/2-1/2"]
[WhiteElo "2548"]
[BlackElo "2612"]

1.e4 c5 2.Nf3 e6 3.d4 cxd4 4.Nxd4 Nc6 5.Nc3 a6 6.Nxc6 bxc6 7.Bd3 d5 8.O-O Nf6
9.Re1 Be7 10.e5 Nd7 11.Qg4 g6 12.b3 Rb8 13.Na4 h5 14.Qe2 Nb6 15.Nb2 a5 16.Bd2 Ba3
17.Rab1 Nd7 18.c3 Kf8 19.Bc2 Kg7 20.Qf3 Ba6 21.Nd3 Bxd3 22.Bxd3 Be7 23.Qe2 Rb6
24.Kh1 a4 25.b4 a3 26.Rb3 c5 27.Rxa3 cxb4 28.Ra7 Nc5 29.Bc2 bxc3 30.Bxc3 Rb7
31.Rxb7 Nxb7 32.Bd2 Qc7 33.Rc1 Qd7  1/2-1/2

[Event "Bundesliga 2007-8"]
[Site "Zehlendorf GER"]
[Date "2007.10.21"]
[Round "2"]
[White "Socko,B"]
[Black "Svidler,P"]
[Result "1/2-1/2"]
[WhiteElo "2646"]
[BlackElo "2732"]

1.e4 c5 2.Nf3 e6 3.d4 cxd4 4.Nxd4 Nc6 5.Nc3 a6 6.Be2 d6 7.Be3 Nf6 8.f4 Bd7
9.g4 Nxd4 10.Bxd4 e5 11.fxe5 dxe5 12.Bxe5 Nxg4 13.Bg3 Ne3 14.Qd3 Bc5 15.Nd5 Bc6
16.Nxe3 Qxd3 17.cxd3 Bxe3 18.Bf2 Bf4  1/2-1/2

[Event "IV Open"]
[Site "Calvia ESP"]
[Date "2007.10.22"]
[Round "8"]
[White "Thollin,R"]
[Black "Rodriguez Lopez,Ra"]
[Result "0-1"]
[WhiteElo "1964"]
[BlackElo "2281"]

1.e4 c5 2.Nf3 e6 3.d4 cxd4 4.Nxd4 Nc6 5.Nc3 a6 6.Be3 Nf6 7.Bd3 e5 8.Nxc6 bxc6
9.O-O d6 10.h3 Be7 11.Kh1 O-O 12.f4 exf4 13.Bxf4 Nd7 14.Bc4 Ne5 15.Bxe5 dxe5
16.Qxd8 Bxd8 17.Rad1 Be7 18.b3 a5 19.Ne2 Ra7 20.Ng3 g6 21.Rf3 Kg7 22.Rdf1 f6
23.a4 Rd8 24.Rd3 Rad7 25.Rfd1 Rxd3 26.Rxd3 Rxd3 27.Bxd3 Bc5 28.Nf1 f5 29.Nd2 Bb4
30.Nc4 Kf6 31.Kg1 Be6 32.Kf2 Bc3 33.Kf3 h5 34.Ne3 f4 35.Nc4 g5 36.Kf2 g4
37.hxg4 hxg4 38.Nd6 Kg5 39.Nf5 Bb4 40.Ng7 Bd7 41.Nf5 Bf8 42.Ke2 Be6 43.Kf2 Bf7
44.Ba6 Be6 45.Bd3 Kf6 46.Ke2 Kg5 47.Kf2 Bc5+ 48.Ke2 Bd7 49.Ng7 Kh4 50.Nf5+ Bxf5
51.exf5 f3+ 52.Kf1 Kg3 53.Be4 Kf4 54.gxf3 gxf3 55.Bxc6 e4 56.Bb5 Bd4 57.Ke1 Bc3+
58.Kf1 Kxf5 59.Ba6 e3 60.Bb5 Ke5 61.Ba6 Kd4 62.Bb5 Kc5 63.Bd3 Kb4 64.Bc4 Ka3
65.Bb5 Kb2 66.Bd3 Kc1 67.Bb5 Kd2  0-1

[Event "I Magistral"]
[Site "Casar de Caceres ESP"]
[Date "2007.10.22"]
[Round "1"]
[White "Saldano,H"]
[Black "Gonzalez Garcia,J2"]
[Result "1/2-1/2"]
[WhiteElo "2452"]
[BlackElo "2541"]

1.e4 c5 2.Nf3 e6 3.Nc3 Nc6 4.d4 cxd4 5.Nxd4 d6 6.g3 Nf6 7.Bg2 Bd7 8.O-O Be7
9.Nxc6 Bxc6 10.a4 O-O 11.Be3 Qc7 12.Qe2 a6 13.Rfd1 Rac8 14.a5 Nd7 15.Bd4 Bf6
16.Bxf6 Nxf6 17.Qc4 Rfd8 18.Qd4 h6 19.h3 e5 20.Qb4 Rb8 21.Rd2 b5 22.axb6 Qxb6
23.Qxb6 Rxb6 24.b3 Bb7 25.Na4 Rc6 26.c4 Ne8 27.Bf1 Nc7 28.Nc3 Rb6 29.Ra3 Ne6
30.Nd5 Bxd5 31.cxd5 Nc5 32.f3 Rxb3 33.Rxb3 Nxb3 34.Ra2 a5 35.Kf2 Rc8 36.Bb5 Rc5
37.Ba4 Nd4 38.f4 f6 39.Rb2 Rc4 40.Rb8+ Kf7 41.Rb7+ Kf8 42.Bd7 Rc2+ 43.Kf1 Ne2
44.Kf2 exf4 45.gxf4 Nxf4+ 46.Kg3 g5 47.Be6 Nxe6 48.dxe6 Rc4 49.Kg4 Rxe4+
50.Kf5 Rf4+ 51.Kg6 Ke8 52.Rd7 a4 53.Rxd6 a3 54.Ra6 Rf3 55.Ra7 h5 56.Kxh5 Rxh3+
57.Kg4 Rh4+ 58.Kf5 Rf4+ 59.Kg6 Rf3 60.Kh5 Re3 61.Kg6 Rf3 62.Kh5 Re3 63.Kg6 Rxe6
64.Rxa3 Ke7 65.Ra7+ Ke8 66.Rb7 Kf8 67.Ra7 Rc6 68.Rf7+ Ke8 69.Ra7 Kd8 70.Rf7 g4
71.Kf5 Ke8 72.Rg7 Kf8 73.Rxg4 Kf7 74.Ra4 Rc5+ 75.Kf4  1/2-1/2

[Event "33rd Fortis Open"]
[Site "Guernsey GCI"]
[Date "2007.10.26"]
[Round "6"]
[White "Lohou,S"]
[Black "Grant,D ENG"]
[Result "1-0"]
[WhiteElo "2161"]
[BlackElo "1924"]

1.e4 c5 2.Nf3 e6 3.d4 cxd4 4.Nxd4 Nc6 5.Nc3 a6 6.Nxc6 bxc6 7.Bd3 d5 8.O-O Nf6
9.Re1 Be7 10.e5 Nd7 11.Qg4 g6 12.Na4 Qc7 13.Qe2 O-O 14.c4 Bb4 15.Nc3 d4 16.a3 Ba5
17.b4 dxc3 18.bxa5 Qxa5 19.Bh6 Re8 20.Qf3 Qd8 21.Be4 Bb7 22.Rad1 Bc8 23.Bxc6 Ra7
24.Qxc3 Qh4 25.Qe3 Rc7 26.Rd4 Qe7 27.Rd6 Rxc6 28.Rxc6 Bb7 29.Rc7 Bc8 30.Bg5 Qf8
31.h4 h5 32.Rd1  1-0

[Event "ETCC w"]
[Site "Crete GRE"]
[Date "2007.10.28"]
[Round "1"]
[White "Seps,M"]
[Black "Peng Zhaoqin"]
[Result "0-1"]
[WhiteElo "2290"]
[BlackElo "2419"]

1.e4 c5 2.Nf3 Nc6 3.d4 cxd4 4.Nxd4 e6 5.Nc3 Qc7 6.Be2 a6 7.O-O Nf6 8.Kh1 Nxd4
9.Qxd4 Bc5 10.Qd2 d6 11.Qg5 O-O 12.Qh4 Bd4 13.Bg5 h6 14.Bd2 b5 15.Bd3 Qd8
16.Rae1 Bb7 17.Qg3 Kh8 18.Qh3 e5 19.Nd1 Qc8 20.Qg3 Qg4 21.Qxg4 Nxg4 22.f3 Nf6
23.Ba5 Rac8 24.c3 Bc5 25.Ne3 g6 26.Re2 Kg7 27.Rd1 Nh5 28.g3 f5 29.Kg2 Nf6
30.Nf1 fxe4 31.fxe4 d5 32.Nd2 Ng4 33.Nf1 Nf2 34.Rdd2 dxe4 35.Rxf2 exd3+  0-1

[Event "ETCC w"]
[Site "Crete GRE"]
[Date "2007.10.29"]
[Round "2"]
[White "Peptan,C"]
[Black "Bojkovic,N"]
[Result "1-0"]
[WhiteElo "2405"]
[BlackElo "2428"]

1.e4 c5 2.Nf3 e6 3.d4 cxd4 4.Nxd4 Nc6 5.Nc3 d6 6.Be2 Nf6 7.O-O Be7 8.Kh1 O-O
9.Be3 e5 10.Nxc6 bxc6 11.f4 exf4 12.Bxf4 Be6 13.Qd3 Ne8 14.Rad1 Qa5 15.Qg3 Kh8
16.b3 Bf6 17.Na4 Be5 18.Bxe5 dxe5 19.Qe1 Qxe1 20.Rfxe1 Nf6 21.Nc5 Rad8 22.h3 Bc8
23.Rg1 g6 24.Kh2 Kg7 25.Kg3 Ng8 26.Bc4 Rfe8 27.Rgf1 f5 28.Rxd8 Rxd8 29.Be6 f4+
30.Kf3 Nf6 31.Bxc8 Rxc8 32.Rd1 g5 33.g3 h5 34.gxf4 exf4 35.Rd6 Kf7 36.e5 Nd5
37.c4 Ne3 38.Rf6+ Ke7 39.Rg6 g4+ 40.hxg4 Nxg4 41.Rg7+ Kf8 42.Ne6+ Ke8 43.Kxf4  1-0

[Event "ETCC w"]
[Site "Crete GRE"]
[Date "2007.10.29"]
[Round "2"]
[White "Hodova,L"]
[Black "Misovic,S"]
[Result "0-1"]
[WhiteElo "2089"]
[BlackElo "1876"]

1.e4 c5 2.Nf3 e6 3.d4 cxd4 4.Nxd4 Nc6 5.Nc3 Qc7 6.g3 a6 7.Bg2 Nf6 8.O-O Bc5
9.Nb3 Ba7 10.a4 Ne5 11.a5 Nc4 12.Qe2 d6 13.Ra4 Ne5 14.Be3 Bd7 15.Ra2 Bxe3
16.Qxe3 Nc4 17.Qd4 e5 18.Qd3 Be6 19.Nd5 Nxd5 20.exd5 Bd7 21.Re1 O-O 22.Re4 Rac8
23.Bf1 Bb5 24.Qc3 f5 25.Re1 Qf7 26.Bg2 Na3 27.Qd2 Nc4 28.Qd1 Qc7 29.c3 Rfe8
30.Bh3 g6 31.Qa1 e4 32.Nd4 Bd7 33.b3 Ne5 34.c4 Qc5 35.Bf1 Qxd4 36.Qxd4 Nf3+
37.Kg2 Nxd4 38.b4 Nf3 39.Re3 Ne5 40.Rc3 Nd3  0-1

[Event "ETCC w"]
[Site "Crete GRE"]
[Date "2007.10.29"]
[Round "2"]
[White "Calzetta,M"]
[Black "Collas,S"]
[Result "0-1"]
[WhiteElo "2287"]
[BlackElo "2408"]

1.e4 c5 2.Nc3 Nc6 3.Nf3 e6 4.d4 cxd4 5.Nxd4 Qc7 6.Be3 a6 7.Qd2 Nf6 8.O-O-O Bb4
9.f3 d5 10.a3 Bd6 11.exd5 Nxd5 12.Nxd5 exd5 13.Kb1 O-O 14.Bd3 Ne5 15.Qf2 Be6
16.Rhe1 Rac8 17.f4 Nxd3 18.Rxd3 Bd7 19.g4 Rfe8 20.Rc3 Qd8 21.Rxc8 Bxc8 22.h3 Qc7
23.Rd1 b5 24.Rd3 b4 25.axb4 Bxb4 26.f5 a5 27.Nf3 Bb7 28.c3 Bf8 29.Bb6 Qc4
30.Re3 Ra8 31.Ne5 Qb5 32.Bd4 a4 33.Qe2 Qa5 34.Nd3 Ba6 35.Qg2 a3 36.b4 Qa4
37.Nc1 Bc4 38.Qd2 Bd6 39.Re1 Qa6 40.Ka1 Bg3 41.Re7 Bh4 42.g5 h6 43.Qg2 hxg5
44.f6 gxf6 45.Qg4 Qd6 46.Rd7 Qh2  0-1